<?xml version="1.0" encoding="UTF-8"?>
<record
    xmlns:xsi="http://www.w3.org/2001/XMLSchema-instance"
    xsi:schemaLocation="http://www.loc.gov/MARC21/slim http://www.loc.gov/standards/marcxml/schema/MARC21slim.xsd"
    xmlns="http://www.loc.gov/MARC21/slim">

  <leader>02298cam a2200337 a 4500</leader>
  <controlfield tag="001">13623717</controlfield>
  <controlfield tag="003">OSt</controlfield>
  <controlfield tag="005">20230530153637.0</controlfield>
  <controlfield tag="008">040615s2004    dcuab    b    000 0 eng  </controlfield>
  <datafield tag="010" ind1=" " ind2=" ">
    <subfield code="a">  2004014022</subfield>
  </datafield>
  <datafield tag="020" ind1=" " ind2=" ">
    <subfield code="a">1880317737</subfield>
  </datafield>
  <datafield tag="040" ind1=" " ind2=" ">
    <subfield code="a">DLC</subfield>
    <subfield code="c">DLC</subfield>
    <subfield code="d">DLC</subfield>
  </datafield>
  <datafield tag="050" ind1="0" ind2="0">
    <subfield code="a">BS615</subfield>
    <subfield code="b">.M98 2004</subfield>
  </datafield>
  <datafield tag="082" ind1="0" ind2="0">
    <subfield code="a">220.9/3</subfield>
    <subfield code="2">22</subfield>
  </datafield>
  <datafield tag="245" ind1="0" ind2="0">
    <subfield code="a">Mysteries of the Bible :</subfield>
    <subfield code="b">the enduring questions of scriptures </subfield>
  </datafield>
  <datafield tag="260" ind1=" " ind2=" ">
    <subfield code="a">New York</subfield>
    <subfield code="b">Reader's digest </subfield>
    <subfield code="c">1988</subfield>
  </datafield>
  <datafield tag="300" ind1=" " ind2=" ">
    <subfield code="a">384 p. </subfield>
  </datafield>
  <datafield tag="500" ind1=" " ind2=" ">
    <subfield code="a">"All essays previously appeared in Biblical archaeology review or Bible review"--T.p verso.</subfield>
  </datafield>
  <datafield tag="504" ind1=" " ind2=" ">
    <subfield code="a">Includes bibliographical references.</subfield>
  </datafield>
  <datafield tag="505" ind1="0" ind2=" ">
    <subfield code="a">A lost river of Eden : rediscovering the Pishon / James Sauer -- A futile quest : the search for Noah's ark / William Stiebing -- Mt. Sinai--in Arabia? : ancient Jewish tradition locates holy mountain / Allen Kerkeslager -- Mt. Sinai--in the Negev? : ancient cult center discovered on desert peak / Emmanuel Anati -- False conclusions : identification of Har Karkom flawed / Israel Finkelstein -- How Lord Kingsborough lost his fortune : looking for the lost tribes among the Maya / Howard W. Goodkind -- Lost and found : evidence of tribes discovered close to home / Hershel Shanks -- The tribe of Manasseh : found in India? /  Hershel Shanks ... [et al.] -- From Israel to Ethiopia : the journey of the Ark / Ephraim Isaac -- From Jerusalem to Egypt : did the Ark stop in elephantine? / Bezalel Porten -- What the wise men knew : Babylonian astronomy dates Jesus' birth / Simo Parpola -- The search for the Holy grail : misguided from the start / Ben Witherington III -- Art, artifice or artifact? : supposed burial Shroud probably made in 14th century / Robert A. Wild -- Carbon-14 results in : questions remain / Suzanne F. Singer.</subfield>
  </datafield>
  <datafield tag="630" ind1="0" ind2="0">
    <subfield code="a">Bible</subfield>
    <subfield code="x">Miscellanea.</subfield>
  </datafield>
  <datafield tag="630" ind1="0" ind2="0">
    <subfield code="a">Bible</subfield>
    <subfield code="x">Antiquities</subfield>
    <subfield code="x">Miscellanea.</subfield>
  </datafield>
  <datafield tag="700" ind1="1" ind2=" ">
    <subfield code="a">Anati, Emmanuel.</subfield>
  </datafield>
  <datafield tag="700" ind1="1" ind2=" ">
    <subfield code="a">Meinhardt, Molly Dewsnap.</subfield>
  </datafield>
  <datafield tag="730" ind1="0" ind2=" ">
    <subfield code="a">Biblical archaeology review.</subfield>
  </datafield>
  <datafield tag="730" ind1="0" ind2=" ">
    <subfield code="a">Bible review.</subfield>
  </datafield>
  <datafield tag="856" ind1="4" ind2="1">
    <subfield code="3">Table of contents</subfield>
    <subfield code="u">http://www.loc.gov/catdir/toc/ecip0419/2004014022.html</subfield>
  </datafield>
  <datafield tag="906" ind1=" " ind2=" ">
    <subfield code="a">7</subfield>
    <subfield code="b">cbc</subfield>
    <subfield code="c">orignew</subfield>
    <subfield code="d">1</subfield>
    <subfield code="e">ecip</subfield>
    <subfield code="f">20</subfield>
    <subfield code="g">y-gencatlg</subfield>
  </datafield>
  <datafield tag="942" ind1=" " ind2=" ">
    <subfield code="2">lcc</subfield>
    <subfield code="c">BK</subfield>
  </datafield>
  <datafield tag="999" ind1=" " ind2=" ">
    <subfield code="c">20164</subfield>
    <subfield code="d">20163</subfield>
  </datafield>
  <datafield tag="952" ind1=" " ind2=" ">
    <subfield code="0">0</subfield>
    <subfield code="1">0</subfield>
    <subfield code="2">lcc</subfield>
    <subfield code="7">0</subfield>
    <subfield code="a">KABU</subfield>
    <subfield code="b">KABU</subfield>
    <subfield code="d">2023-05-30</subfield>
    <subfield code="l">0</subfield>
    <subfield code="o">BS538 .M97 1988 c.1</subfield>
    <subfield code="p">031054</subfield>
    <subfield code="r">2024-08-02 00:00:00</subfield>
    <subfield code="w">2023-05-30</subfield>
    <subfield code="y">BK</subfield>
  </datafield>
</record>
